| 000 | 01180cab a2200193 4500 | ||
|---|---|---|---|
| 001 | ##L133035 | ||
| 008 | 060405n2006 000 0 eng u | ||
| 035 | _a(Sirsi) u133035 | ||
| 041 | 0 | _aeng | |
| 100 | 1 | _aLindholm, Anna-Liisa | |
| 245 | 0 | 2 | _aA framework for identifying and measuring value added by corporate real estate |
| 260 | _c2006 | ||
| 490 | 0 |
_aJournal of Corporate Real Estate _v8(1) 2006, 38-46(9) |
|
| 520 | _aModels how real estate strategies can add value to the core business, providing corporate real estate managers with a tool to illustrate to corporate officers how real estate adds value to their firms. Finds that many firms do not recognise how real estate adds value to their business and that their corporate real estate strategies are often not developed in coordination with their overall business strategies. Provides a performance measurement system to evaluate how seven real estate strategies add value to the core business. Figures, table, references and further reading. | ||
| 590 | _aIKA110406 | ||
| 690 | _aPROPERTY-COMMERCIAL PROPERTY-CORPORATE REAL ESTATE-CORPORATE REAL ESTATE MANAGEMENT | ||
| 700 | 1 | _aLevainen, Kari I. | |
| 942 | _n0 | ||
| 999 |
_c76759 _d76759 |
||